000
00265nam a2200097Ia 4500
001
652726
005
20250826154444.0
008
250824s9999 xx 000 0 und d
245
0
_a
GELİNCİK DİZ/ KÜSKÜN AYICIK
_c
GÜLTEN DAYIOĞLU
260
_b
ALTIN KİTAP YAYINLARI
999
_c
652726
_d
652726